Linear algebra
Furkejuvvon:
| Váldodahkkit: | , |
|---|---|
| Materiálatiipa: | Girji |
| Giella: | eaŋgalasgiella |
| Almmustuhtton: |
Englewood Cliffs
Prentice-Hall Inc.
1961
|
| Fáttát: | |
| Fáddágilkorat: |
Lasit fáddágilkoriid
Eai fáddágilkorat, Lasit vuosttaš fáddágilkora!
|
MARC
| LEADER | 00000cam a2200000 a 4500 | ||
|---|---|---|---|
| 001 | UCF2482 | ||
| 003 | CL-VaPUC | ||
| 008 | 120824e19610000US |||||||||||||||||eng|d | ||
| 082 | 0 | 4 | |a 512.5 |b HOF |2 21 |
| 100 | |a Hoffman, Kenneth |e author |9 564135 | ||
| 700 | 0 | |a Kunze, Ray Alden |e author |9 564136 | |
| 245 | 1 | 0 | |a Linear algebra |
| 300 | |a 332 p | ||
| 942 | |c BK | ||
| 945 | |d 20120824 00:00:00 |a dcastane | ||
| 260 | |a Englewood Cliffs |b Prentice-Hall Inc. |c 1961 | ||
| 650 | 0 | |a Álgebra vectorial |9 269971 | |
| 650 | 0 | |a Matrices (Matemáticas) |9 269972 | |
| 650 | 0 | |a Vectores |x Matemáticas |9 269973 | |
| 650 | 7 | |a DETERMINANTES |2 CL-VaPUC |9 564137 | |
| 650 | 0 | |a Ecuaciones |9 260137 | |
| 583 | |a last modification |c 20120824 12:41:00 |k Rodrigo Vera | ||
| 999 | |c 349043 |d 349041 | ||
| 952 | |0 0 |1 0 |4 0 |6 512_500000000000000_HOF_1961 |7 0 |8 A |9 451421 |a BIBMAT |b BIBMAT |d 2019-11-22 |i 4888995 |l 2 |o 512.5 HOF 1961 |p 4888995 |r 2025-03-28 |s 2025-03-26 |w 2019-11-22 |y BK |k MAT | ||